Onomatopoeia in the English and German Nursery Rhymes; Procedia - Social and Behavioral Sciences; Vol. 206 : Linguistic and Cultural Studies: Traditions and Innovations, LKTI
| Parent link: | Procedia - Social and Behavioral Sciences Vol. 206 : Linguistic and Cultural Studies: Traditions and Innovations, LKTI.— 2015.— [P. 123-126] |
|---|---|
| Autor principal: | |
| Autor Corporativo: | |
| Outros Autores: | |
| Resumo: | Title screen This article is dedicated to the problem of onomatopoeia that is analyzed in English and German nursery rhymes. The material of the research includes thirty texts and has two stages: the first one shows the differences of sound-imitating words types while the second one deals with the syntactic-morphological and semantic characteristics of onomatopoeia in English and German nursery rhymes. Режим доступа: по договору с организацией-держателем ресурса |
| Idioma: | inglês |
| Publicado em: |
2015
|
| Assuntos: | |
| Acesso em linha: | http://dx.doi.org/10.1016/j.sbspro.2015.10.039 http://earchive.tpu.ru/handle/11683/15290 |
| Formato: | Recurso Electrónico Capítulo de Livro |
| KOHA link: | https://koha.lib.tpu.ru/cgi-bin/koha/opac-detail.pl?biblionumber=644747 |
MARC
| LEADER | 00000nla2a2200000 4500 | ||
|---|---|---|---|
| 001 | 644747 | ||
| 005 | 20250522171642.0 | ||
| 035 | |a (RuTPU)RU\TPU\network\9831 | ||
| 035 | |a RU\TPU\network\9827 | ||
| 090 | |a 644747 | ||
| 100 | |a 20151130a2015 k y0engy50 ba | ||
| 101 | 0 | |a eng | |
| 105 | |a y z 100zy | ||
| 135 | |a drgn ---uucaa | ||
| 181 | 0 | |a i | |
| 182 | 0 | |a b | |
| 200 | 1 | |a Onomatopoeia in the English and German Nursery Rhymes |f E. Riabova , Ju. W. Kobenko | |
| 203 | |a Text |c electronic | ||
| 300 | |a Title screen | ||
| 320 | |a [References: р. 126 (5 tit.)] | ||
| 330 | |a This article is dedicated to the problem of onomatopoeia that is analyzed in English and German nursery rhymes. The material of the research includes thirty texts and has two stages: the first one shows the differences of sound-imitating words types while the second one deals with the syntactic-morphological and semantic characteristics of onomatopoeia in English and German nursery rhymes. | ||
| 333 | |a Режим доступа: по договору с организацией-держателем ресурса | ||
| 461 | 0 | |0 (RuTPU)RU\TPU\network\2898 |t Procedia - Social and Behavioral Sciences | |
| 463 | 0 | |0 (RuTPU)RU\TPU\network\9691 |t Vol. 206 : Linguistic and Cultural Studies: Traditions and Innovations, LKTI |o XVth International Conference, 9-11 November, 2015, Tomsk, Russia |o [proceedings] |v [P. 123-126] |d 2015 | |
| 610 | 1 | |a электронный ресурс | |
| 610 | 1 | |a труды учёных ТПУ | |
| 610 | 1 | |a звуки | |
| 610 | 1 | |a имитация | |
| 610 | 1 | |a стихи | |
| 610 | 1 | |a английский язык | |
| 610 | 1 | |a немецкий язык | |
| 700 | 1 | |a Riabova |b E. |g Elena | |
| 701 | 1 | |a Kobenko |b Ju. W. |c Linguist |c Professor der Polytechnischen Universität Tomsk, Doktor der philologischen Wissenschaften |f 1977- |g Juri Wiktorowitsch |3 (RuTPU)RU\TPU\pers\32905 |9 16753 | |
| 712 | 0 | 2 | |a Национальный исследовательский Томский политехнический университет |c (2009- ) |9 26305 |
| 801 | 2 | |a RU |b 63413507 |c 20161122 |g RCR | |
| 850 | |a 63413507 | ||
| 856 | 4 | |u http://dx.doi.org/10.1016/j.sbspro.2015.10.039 | |
| 856 | 4 | |u http://earchive.tpu.ru/handle/11683/15290 | |
| 942 | |c CF | ||